Southville International School and Colleges
Your cart is empty.
  • Cart
  • Lists
    Public lists list_1 View all
    Your lists Log in to create your own lists
  • Log in to your account
  • Your cookies
  • Search history
Southville International School and Colleges
  • Advanced search
  • Recent comments
  • Most popular
  • Libraries

Log in to your account

Log in with GOOGLE


If you do not have an external account, but do have a local account, you can still log in:

  1. Home
  2. MARC view: Dimensions of deprivation and threat, psychopathology, and potential mediators: A milti-year longitudinal analysis /
Normal view MARC view ISBD view

Dimensions of deprivation and threat, psychopathology, and potential mediators: A milti-year longitudinal analysis / (Record no. 361851)

[ view plain ]
MARC details
000 -LEADER
fixed length control field 00793nam a2200193Ia 4500
008 - FIXED-LENGTH DATA ELEMENTS--GENERAL INFORMATION
fixed length control field 190511s9999 xx 000 0 und d
100 ## - MAIN ENTRY--PERSONAL NAME
Personal name Miller, Adam Bryant
245 ## - TITLE STATEMENT
Title Dimensions of deprivation and threat, psychopathology, and potential mediators: A milti-year longitudinal analysis /
245 ## - TITLE STATEMENT
Statement of responsibility, etc Adam Bryant Miller, Margaret A. Sheridan, Jamie L. Hanson, Katie A. McLaughlin, John E. Bates, Jennifer E. Lansford, Gregory S. Pettit, and Kenneth A. Dodge.--
260 ## - PUBLICATION, DISTRIBUTION, ETC. (IMPRINT)
Name of publisher, distributor, etc American Psychological Association
260 ## - PUBLICATION, DISTRIBUTION, ETC. (IMPRINT)
Date of publication, distribution, etc 2018
300 ## - PHYSICAL DESCRIPTION
Extent Pages 160-170, February 2018
440 ## - SERIES STATEMENT/ADDED ENTRY--TITLE
Title Journal of Abnormal Psychology
Volume number/sequential designation 127(2)
650 ## - SUBJECT ADDED ENTRY--TOPICAL TERM
Topical term or geographic name as entry element Childhood adversity
650 ## - SUBJECT ADDED ENTRY--TOPICAL TERM
Topical term or geographic name as entry element Deprivation
650 ## - SUBJECT ADDED ENTRY--TOPICAL TERM
Topical term or geographic name as entry element Threat
650 ## - SUBJECT ADDED ENTRY--TOPICAL TERM
Topical term or geographic name as entry element Verbal abilities
856 ## - ELECTRONIC LOCATION AND ACCESS
Uniform Resource Identifier <a href="www.apa.org/pubs/journals/abn">www.apa.org/pubs/journals/abn</a>
Holdings
Withdrawn status Lost status Damaged status Home library Current library Date acquired Total Checkouts Date last seen Price effective from Koha item type
      College Library College Library 05/11/2019   05/11/2019 05/11/2019 Periodicals

Dimensions of deprivation and threat, psychopathology, and potential mediators: A milti-year longitudinal analysis /

APA

Miller A. B., .Dimensions of deprivation and threat, psychopathology, and potential mediators: A milti-year longitudinal analysis. : American Psychological Association.

Chicago

Miller Adam Bryant, .Dimensions of deprivation and threat, psychopathology, and potential mediators: A milti-year longitudinal analysis. : American Psychological Association.

Harvard

Miller A. B., .Dimensions of deprivation and threat, psychopathology, and potential mediators: A milti-year longitudinal analysis. : American Psychological Association.

MLA

Miller Adam Bryant, .: American Psychological Association. .

  • Place hold
  • Print
  • Cite
  • Add to your cart (remove)
  • Save record
    BIBTEX Dublin Core MARCXML MARC (non-Unicode/MARC-8) MARC (Unicode/UTF-8) MARC (Unicode/UTF-8, Standard) MODS (XML) RIS
  • More searches
    Search for this title in:
    Other Libraries (WorldCat) Other Databases (Google Scholar) Online Stores (Bookfinder.com) Open Library (openlibrary.org)

Exporting to Dublin Core...

SOUTHVILLE LIBRARY

Southville International School and Colleges Library

1281 Tropical Ave. Cor. Luxembourg St., BF Homes International, Las Pinas City

Tel. No. 8256374 / 252358 Loc. 117/146

Powered by Koha